01427nam a2200265Ia 4500001000600000003000900006008004100015040001300056040001300069041001300082100001700095100002900112240006600141240003500207245010100242245010100343250001100444260001100455260001600466260004900482300005600531500051500587650002801102650003101130H8197IT-RoPAU130308s9999 xx 000 0 und d aIT-RoPAU cIT-RoPAU aITALIANO aGrey Rudolph gCodice Aut. SPICS: 59259 aNIGHTMARE OF ECSTASY: THE LIFE AND ART OF EDWARD D. WOOD, JR. gCodice Tit. Orig. Spics: T3730 aEd Wood. Hollywood spazzatura. La strana vita di Edward D. Wood Jr. Il peggior regista del mondo bEd Wood. Hollywood Spazzatura. La strana Vita di Edward D. Wood Jr. Il peggior regista del Mondo a1a ed. aMILANO bFrassinelli c1995 [1° Ed.:1995 - Ed.Ling.Originale:1992] a"264 p. (prefazione: 22; testo: 242 [pagine: 0-0])" aPrefazione di Marco Giusti. infanzia Mondo Esterno. Verso Ovest Hollywood. Due in Uno. Glen Or Glenda & Jaibait. Non così Matto Come Sembrava. Matrimonio. Bride Of The Monster. plan 9. Night Of The Ghouls & The Sinisterurge. Gli Spettri di Wood (Bela, Vampira, Criswell, tor, Bunny & Kenne). Scene Bizzarre col Pifferaio Magico. Un Vulcano di Idee. Porno. E' una specie di Ardore. Occhi Sbarrati su Uno Spazio Privo di Stelle. Note Biografiche. Edward D. Wood Jr. Cronologia. Bibliografia. Filmografia. aAUTORI/OPERE DEL CINEMA eCodice materia Spics: 6807